WHO CARES? - Rex Orange County - Statistics

General Stats
  • This quiz has been taken 4 times
  • The average score is 9 of 11
Answer Stats
Songs Plays Artist(s) % Correct
AMAZING 309,631,483 Rex Orange County
100%
ONE IN A MILLION 58,381,618 Rex Orange County
100%
OPEN A WINDOW 55,195,124, Rex Orange County, Tyler, The Creator
100%
THE SHADE 497,810,630 Rex Orange County
100%
WHO CARES? 15,681,674 Rex Orange County
100%
7AM 16,960,591 Rex Orange County
75%
MAKING TIME 18,486,888 Rex Orange County
75%
IF YOU WANT IT 16,010,786 Rex Orange County
50%
KEEP IT UP 70,991,906 Rex Orange County
50%
SHOOT ME DOWN 11,865,438 Rex Orange County
50%
WORTH IT 19,024,597 Rex Orange County
50%
No matching quizzes found
Score Distribution
Percent of People with Each Score
Percentile by Number Answered
Your Score History
You have not taken this quiz